| 000 | 00998cam a22003257a 4500 | ||
|---|---|---|---|
| 003 | CHAP | ||
| 005 | 20220817042139.0 | ||
| 008 | 971013s1955 r 00010 d | ||
| 010 | _a36032 | ||
| 011 | _a37004 | ||
| 035 | _a41123 | ||
| 040 | _cCHAP | ||
| 082 |
_a675 _bF3 |
||
| 110 | _aFAO | ||
| 245 | 1 | 3 | _aEl desuello y la conservación de cueros y pieles como industria rural |
| 260 |
_aRoma : _bFAO, _c1955 |
||
| 300 |
_a142 p. _b: ilus. |
||
| 490 | 0 |
_aFAO. Cuaderno de fomento agropecuario _v; 49 |
|
| 590 |
_aBATCH-UPD _b10 _c20130110 _lUCH01 _h1054 |
||
| 590 |
_aCONVERSION _b10 _c20130109 _lUCH01 _h1320 |
||
| 650 | 1 | 4 |
_aCuero. _930102 |
| 650 | 1 | 4 |
_aPieles. _988006 |
| 700 | 0 |
_aAten, A. _98216 |
|
| 700 | 0 |
_aInnes, F. Faraday. _958824 |
|
| 830 | 0 |
_aFAO. Cuaderno de fomento agropecuario _v; 49 _939504 |
|
| 901 | _aBK | ||
| 942 | _cLIBRO | ||
| 949 |
_a675 F3 _bBC _cFAO _d-94197 _eFAO2 _fc.2 _h12029 _i41123 _si |
||
| 949 |
_a675 F3 _bBC _cFAO _d33724000705281 _eFAO1 _h25463 _i41123 _kDonaciØn _sb |
||
| 999 |
_c36032 _d36032 |
||